000 01232nam a2200373 a 4500
001 000044326
003 000044326
005 20180316135730.0
008 140613s2009 dr a 000 0 spa d
020 _a9789945447187
040 _aBPMSU
_bspa
_cBPMSU
082 0 4 _a398.961
_bS714h
100 1 _aSoriano, Félix
245 1 4 _aDel habla popular /
_cFélix Soriano ; prólogo Leonidas Germán
260 _aSanto Domingo :
_bUniversitaria UASD,
_c2009.
300 _a246 p. :
_bil ;
_c21 cm.
500 _aIncluye datos biográficos del autor en la solapa de la contracubierta
504 _aBibliografía : p. 245-246
650 4 _aPROVÉRBIOS DOMINICANOS
650 4 _aFOLCLOR
_zREPÚBLICA DOMINICANA
650 4 _aAFORISMO Y APOTEGMAS
_zREPÚBLICA DOMINICANA
700 1 2 _4Germán, Leonidas
_epról.
710 2 2 _aUniversidad Autónoma de Santo Domingo
910 _aValidado. Control de calidad MFF
930 1 _l
_m
_8
_f
_p
_g
930 _l
_m
_8
_f
_p
_g
_h
942 _2ddc
_cBK
945 _aRemanejado para la BNPHU, 2018 / VM
956 _a
_b
_c
_l
_h
956 _a
_b
_c
_l
_h
956 _a
_b
_c
_l
_h
956 _a VMATEO
_b 10
_c 20160504
_l BPMSU
_h 0069
956 _a
_b
_c
_l
_h
999 _c7192
_d7192